MARC

LEADER 00000nam0a2200000 4500
001 366770
005 20231102011920.0
035 |a (RuTPU)RU\TPU\retro\24133 
035 |a RU\TPU\retro\24132 
090 |a 366770 
100 |a 20220217d1974 k y0rusy50 ca 
101 0 |a rus 
102 |a RU 
105 |a a z 001zy 
200 1 |a Технология комплексной переработки гидроминеральных ресурсов залива Кара-Богаз-Гол  |f Всесоюзный научно-исследовательский институт галургии (ВНИИГ) ; под ред. В. В. Зырянова 
210 |a Ленинград  |c Типография ВИР  |d 1974 
215 |a 95 с.  |c черт. 
225 1 |a Труды Всесоюзного научно-исследовательского института галургии (ВНИИГ)  |v Т. 70 
320 |a Библиогр. в конце ст. 
606 1 |a Водно-солевые системы  |2 stltpush  |3 (RuTPU)RU\TPU\subj\70581  |9 84800 
610 1 |a Кара-Богаз-Гол 
610 1 |a рапа 
610 1 |a концентрирование 
610 1 |a комплексная переработка 
610 1 |a эволюция 
610 1 |a рассолы 
610 1 |a испарение 
610 1 |a состав 
610 1 |a обессульфачивание 
610 1 |a фазовое равновесие 
610 1 |a сероводород 
610 1 |a погребенные рассолы 
610 1 |a тепломассообмен 
610 1 |a катализаторы 
675 |a 546-38  |v 3 
702 1 |a Зырянов  |b В. В.  |4 340 
712 0 2 |a Всесоюзный научно-исследовательский институт галургии (ВНИИГ)  |2 stltpush  |3 (RuTPU)RU\TPU\col\12235 
801 1 |a RU  |b 63413507  |c 20141112 
801 2 |a RU  |b 63413507  |c 20220217  |g RCR 
942 |c BK